=LDR 00000nam 2200000 4500 =001 INLIS000000000037576 =005 20200206033929 =035 ##$$a 0010-061300000037576 =008 200206################g##########0#ind## =041 ##$$a Ind =082 ##$$a 004.6 =090 ##$$a 004.6, Dar t =100 ##$$a Daryanto =245 1#$$a Teknik jaringan komputer /$c Drs. Daryanto =260 ##$$a Bandung :$b Alfabeta,$c 2010 =300 ##$$a x, 158 hlm, ilus, 24 cm : $b Illus ; $c 24 x 16 cm =650 #4$$a Jaringan komputer =850 ##$$a NBPNMAT =020 ##$$a 978-602-8800-42-6 =084 ##$$a 004.6 Dar t =250 ##$$a Cet.1 =990 ##$$a 21111307 =990 ##$$a 21111308 =990 ##$$a 01500150 =990 ##$$a 21111306 =990 ##$$a 21111307 =990 ##$$a 21111308